00647cam a2200193 a 450000500170000000800410001701000170005802000500007503500160012503700130014104000080015408200120016224500610017426000490023527000570028430000410034150000560038270000150043820091121122244.0000504s2000 nik 000 0 eng d aENG-95536-37 a9788131306420 (Set of 2 Vols.)c1500.00 (set) aEN-79069-70 bDBAD/PUB aDPL a378.003 aEncyclopaedia of higher education /cedited by S.K. Bawa aNew DelhibAPH. Publishing Corporationc2009 a4435-36/7 Ansari Road, Darya GanjbNew Delhie110002 a2v (216p. ; 217-293 p.) c22 cm.(Hb) aIt is a set of 2 vols. and set price is Rs. 1500.00 aBawa, S.K.